Carne fresca /

Gespeichert in:
Bibliographische Detailangaben
1. Verfasser: Duffy, Stella (Verfasst von)
Weitere Verfasser: Mioni, Anna (Übersetzung)
Format: Buch
Sprache:Italienisch
Veröffentlicht: Venezia : Marsilio, 2006
Schriftenreihe:Farfalle ; 118
Tags: Tag hinzufügen
Keine Tags, Fügen Sie das erste Tag hinzu!

MARC

LEADER 00000nam a22000007i 4500
001 IT\ICCU\RAV\1477272
003 ItRI
005 20260220000647.0
008 060926s2006 it |||||| ||||| |||||c
020 |a 8831790803 
020 |a 9788831790802 
040 |b ita  |c ct 
041 7 |a ita  |2 ISO-639-2 
082 |a 823.914  |2 21 
100 1 |a Duffy, Stella  |0 IT\ICCU\REAV\096388  |4 aut 
240 1 0 |a Fresh flesh.  |9 Duffy, Stella 
245 1 0 |a Carne fresca /  |c Stella Duffy ; traduzione di Anna Mioni. 
260 |a Venezia :  |b Marsilio,  |c 2006 
300 |a 283 p. ;  |c 21 cm. 
700 1 |a Mioni, Anna  |0 IT\ICCU\RAVV\105252  |4 trl 
830 0 |a Farfalle ;  |v 118  |0 IT\ICCU\RAV\0252370 
942 |2 ddc  |c BK 
952 |0 0  |1 0  |2 ddc  |4 0  |6 B_LNR02DUFSTCAR11  |7 0  |9 6306  |a MI  |b MI  |d 2007-01-19  |i 5290  |l 0  |o B-LNR02-DUFST-CAR11  |p CDOM5290  |r 2025-07-13 16:28:00  |w 2025-07-13  |x ACQUISTO  |y BK 
952 |0 0  |1 0  |4 0  |6 L_823_920000000000000_DUF  |7 0  |9 15543  |a BO  |b BO  |d 2026-01-15  |i 10791  |l 0  |o L 823.92 DUF  |p BO10791  |r 2026-01-15 23:19:05  |w 2026-01-15  |x [Sebina 5] [1 v.]  |y BK  |z 1 v. 
999 |c 5056  |d 5056